000
00330nam a2200157Ia 4500
100
_a
Joshi/Abhijit R
650
_a
Simulation
250
_a
4
942
_c
BK
366
_f
12
245
_a
Computer simulation and modeling
260
_b
Vipul prakashan
082
_a
3.3
_b
JOS
546
_a
ENGLISH
_c
Info.Tech
999
_c
26264
_d
26264